[Event "Peristeri Christmas op"]
[Site "Peristeri"]
[Date "2015.12.23"]
[Round "2.1"]
[White "Krallis, Christos"]
[Black "Tasoulas, Georgios"]
[Result "1-0"]
[WhiteElo "1881"]
[BlackElo "2102"]
[PlyCount "67"]
[EventDate "2015.12.22"]
[EventType "swiss"]
[EventRounds "7"]
[EventCountry "GRE"]
[SourceTitle "EXT 2024"]
[Source "ChessBase"]
[SourceDate "2023.10.10"]
[SourceVersion "1"]
[SourceVersionDate "2023.10.10"]
[SourceQuality "1"]

1. c4 e5 2. g3 Nf6 3. Bg2 Nc6 4. Nc3 Bc5 5. e3 0-0 6. Nge2 Re8 7. d3 d6 8. 0-0 Bf5 9. h3 Qc8 10. g4 Bg6 11. g5 Nd7 12. d4 Bb6 13. h4 Bh5 14. Qd2 Nf8 15. Ng3 Qg4 16. d5 Ne7 17. Qd1 Qxd1 18. Nxd1 Bg4 19. Kh2 a5 20. f3 Bc8 21. Bh3 a4 22. Bd2 Nd7 23. Nc3 Ba5 24. Nge4 Nc5 25. Nxc5 dxc5 26. e4 Bxh3 27. Kxh3 Nc8 28. b3 Nd6 29. Be1 Bxc3 30. Bxc3 b5 31. cxb5 Nxb5 32. Bb2 Nd4 33. Bxd4 exd4 34. Rac1 1-0

[Event "Peristeri Christmas op"]
[Site "Peristeri"]
[Date "2015.12.22"]
[Round "1.3"]
[White "Tasoulas, Georgios"]
[Black "Patrinos, Ilias"]
[Result "1-0"]
[WhiteElo "2102"]
[BlackElo "1550"]
[PlyCount "125"]
[EventDate "2015.12.22"]
[EventType "swiss"]
[EventRounds "7"]
[EventCountry "GRE"]
[SourceTitle "EXT 2024"]
[Source "ChessBase"]
[SourceDate "2023.10.10"]
[SourceVersion "1"]
[SourceVersionDate "2023.10.10"]
[SourceQuality "1"]

1. d4 d5 2. c4 e6 3. Nc3 Nf6 4. Nf3 Be7 5. Bg5 c6 6. e3 Nbd7 7. Qc2 h6 8. Bh4 0-0 9. h3 Re8 10. g4 Nh7 11. Bg3 Ndf8 12. 0-0-0 dxc4 13. Bxc4 b5 14. Bd3 Bb7 15. Kb1 Qa5 16. e4 Rec8 17. Qb3 Qb6 18. Rc1 Nd7 19. Ne5 Nhf8 20. Ne2 a5 21. a4 bxa4 22. Qxa4 Nxe5 23. Bxe5 Nd7 24. Bf4 Qd8 25. Rhd1 Bg5 26. Bxg5 Qxg5 27. f4 Qe7 28. e5 c5 29. Qa3 Kf8 30. Bb5 Be4+ 31. Ka1 Bd5 32. Bxd7 Qxd7 33. dxc5 Kg8 34. Nc3 Qc6 35. Nxd5 exd5 36. Rd4 a4 37. Qd3 Rd8 38. Rd1 Qxc5 39. Rxd5 Rxd5 40. Qxd5 Qc8 41. Qd7 Qc2 42. Qd3 Qc5 43. Qc3 Qe7 44. Rd6 Qa7 45. Qd4 Qa5 46. Qd5 a3 47. b4 Qa7 48. Qc5 Qa4 49. Qc6 Qa7 50. Qc5 Qa4 51. Ka2 Rb8 52. Rd4 Qa6 53. Qc4 Qa4 54. f5 Qa8 55. Rd2 Qa4 56. e6 fxe6 57. fxe6 Rxb4 58. Rd8+ Kh7 59. Qd3+ Re4 60. e7 g6 61. Rd7 Kh8 62. Qc3+ Kg8 63. e8Q+ 1-0

[Event "Nikaia op 19th"]
[Site "Nikaia"]
[Date "2011.08.30"]
[Round "6"]
[White "Papasimakopoulos, Alexandros"]
[Black "Tasoulas, Georgios"]
[Result "1-0"]
[WhiteElo "1835"]
[BlackElo "1987"]
[PlyCount "81"]
[EventDate "2011.08.26"]
[EventType "swiss"]
[EventRounds "9"]
[EventCountry "GRE"]
[SourceTitle "CBM 144 Extra"]
[Source "ChessBase"]
[SourceDate "2011.10.28"]
[SourceVersion "1"]
[SourceVersionDate "2011.10.28"]
[SourceQuality "1"]

1. d4 f5 2. Bg5 c6 3. c4 Qb6 4. Qd2 h6 5. Bf4 Nf6 6. Nc3 d6 7. h4 Nbd7 8. Nf3 e5 9. dxe5 Ng4 10. exd6 Qxf2+ 11. Kd1 g5 12. hxg5 hxg5 13. Bg3 Ne3+ 14. Kc1 Rxh1 15. Bxf2 Nxf1 16. Qe1 Bxd6 17. Ng1 Nh2 18. Qd2 Bf4 19. e3 Be5 20. Kc2 Nb6 21. c5 Nd7 22. Nce2 Ng4 23. Ng3 Bxg3 24. Bxg3 Nxc5 25. Bc7 Ne6 26. Rd1 Rxg1 27. Rxg1 Nxc7 28. Qd6 Ne6 29. Rh1 Nf6 30. Rh6 Kf7 31. Qe5 Ng8 32. Qxf5+ Ke7 33. Rh7+ Kd6 34. Qd3+ Kc5 35. Rh8 Ne7 36. Qa3+ Kb6 37. Qxe7 Nc7 38. e4 a5 39. Qxg5 a4 40. Qd8 Be6 41. Qd4+ 1-0